000 00216nam a22000857a 4500
001 1235340
005 20250930124933.0
245 _aDEDEM BİR KİRAZ AĞACI
_cANGELA NANETTİ
260 _bGÜNIŞIĞI KİTAPLIĞI YAYINLARI
999 _c1235340
_d1235340